Management consulting: a guide to the profession (Record no. 102618)

MARC details
000 -LEADER
fixed length control field 00994cam a2200229 4500
008 - FIXED-LENGTH DATA ELEMENTS--GENERAL INFORMATION
fixed length control field 030120n2002 000 0 eng u
020 ## - INTERNATIONAL STANDARD BOOK NUMBER
International Standard Book Number 9221095193
035 ## - SYSTEM CONTROL NUMBER
System control number (Sirsi) u121061
041 ## - LANGUAGE CODE
Language code of text/sound track or separate title eng.
050 ## - LIBRARY OF CONGRESS CALL NUMBER
Classification number 658.46
-- 18
100 ## - MAIN ENTRY--PERSONAL NAME
Personal name Kubr, Martin
-- Editor
245 ## - TITLE STATEMENT
Title Management consulting: a guide to the profession
250 ## - EDITION STATEMENT
Edition statement 4th ed.
260 ## - PUBLICATION, DISTRIBUTION, ETC.
Place of publication, distribution, etc. Geneva
Name of publisher, distributor, etc. United Nations International Labour Organisation
Date of publication, distribution, etc. 2002
300 ## - PHYSICAL DESCRIPTION
Extent xxiii, 904p.
Dimensions 26cm.
350 ## - PRICE (NR) (BK AM CF MU VM SE) [OBSOLETE]
Price 50
520 ## - SUMMARY, ETC.
Summary, etc. Offers an extensive introduction to management consulting: its nature, professional standards, intervention methods, behavioural rules, current developments and future perspectives. Among the new topics covered, from a consultant's perspective, include: e-business, knowledge management, total quality management, corporate governance, and public administration.
650 ## - SUBJECT ADDED ENTRY--TOPICAL TERM
Topical term or geographic name entry element Management consultancy
9 (RLIN) 6255
650 ## - SUBJECT ADDED ENTRY--TOPICAL TERM
Topical term or geographic name entry element MANAGEMENT
690 ## - LOCAL SUBJECT ADDED ENTRY--TOPICAL TERM (OCLC, RLIN)
Topical term or geographic name as entry element MANAGEMENT-BUSINESS MANAGEMENT
942 ## - ADDED ENTRY ELEMENTS (KOHA)
Suppress in OPAC 0
Holdings
Withdrawn status Lost status Source of classification or shelving scheme Damaged status Not for loan Home library Current library Shelving location Date acquired Cost, normal purchase price Total Checkouts Full call number Barcode Date last seen Date last checked out Copy number Cost, replacement price Price effective from Koha item type
    Dewey Decimal Classification     London London Books 05/02/2003 50.00 2 658.46 KUB 30068376 06/08/2019 22/07/2008 1 50.00 06/08/2019 Book